000 00365nam a2200121Ia 4500
008 151001s9999||||xx |||||||||||||| ||und||
100 _aप्रकाश भाटकर
245 _aकथा गुंफली अश्रूंची
250 _a1
260 _bललित नाट्य प्रकाशन
300 _a88
365 _b17
999 _c962567
_d962564